000 00273nam a2200109 4500
082 0 _a222.11
242 0 0 _bThe story of Jacob and Esau
245 1 1 _aỌ'dọ̃ yãkóbõ pi drí esawu trõ
260 _bMadi Literacy Committee
_cc.1998
300 _a19 p.
942 _2ddc
_cBK
999 _c64522
_d64496